| 000 | 00916am a2200313a 44500 | ||
|---|---|---|---|
| 003 | AR-BaBNM | ||
| 005 | 20251128211113.0 | ||
| 008 | 232120s2002 #AR|||||||||||000 | esp|| | ||
| 020 | _a950-802-145-4 | ||
| 040 | _cAR-BaBNM | ||
| 100 | 1 | _aAltamirano, Florencia | |
| 245 | 1 | 0 |
_aNiñez, pobreza y adopción ¿una entrega social? _bun estudio de investigación desde el trabajo social |
| 260 |
_aBuenos Aires _bEspacio Editorial _c2002 |
||
| 300 | _a174 p. | ||
| 490 | 0 | _aCiencias sociales | |
| 500 | _aContiene glosario | ||
| 504 | _aContiene referencias bibliográficas p. 169-172 | ||
| 650 | 4 | _aTRABAJO SOCIAL | |
| 650 | 4 | _aADOPCION | |
| 650 | 4 | _aNIÑEZ | |
| 650 | 4 | _aPOBREZA | |
| 650 | 4 | _aNIÑOS ABANDONADOS | |
| 650 | 4 | _aNIÑOS ADOPTADOS | |
| 650 | 4 | _aINVESTIGACION SOCIAL | |
| 650 | 4 | _aRESULTADOS DE INVESTIGACION | |
| 700 | 1 |
_aLlacay, Natalia _edirector |
|
| 942 | _cBK | ||
| 998 | _craquel | ||
| 999 |
_c18238 _d18238 |
||